Diputación Provincial de Barcelona. Museo Marítimo (Reales Atarazanas)
Descripción Física:
8 p. : il. ; 27 cm
Materias:
Museu Marítim (Barcelona)
MARC
| LEADER | 00000nam a2200000Ia 4500 | ||
|---|---|---|---|
| 001 | 11184 | ||
| 008 | 160829s9999 xx 000 0 cat d | ||
| 080 | |a FU-27-1 | ||
| 100 | |a Museu Marítim (Barcelona) | ||
| 245 | |a Diputación Provincial de Barcelona. Museo Marítimo (Reales Atarazanas) | ||
| 260 | |a Barcelona : |b (Imp. Casa Prov. de Caridad), DL 1963 | ||
| 300 | |a 8 p. : |b il. ; |c 27 cm | ||
| 590 | |a Hi ha un duplicat: DUP-21-79. | ||
| 590 | |a Variant del títol: Museo Marítimo : Reales Atarazanas | ||
| 650 | |a Museu Marítim (Barcelona) | ||
| 710 | 1 | |a Barcelona (Catalunya : Província). |b Diputació |9 52408 | |
| 901 | |a Arxiu | ||
| 942 | |n 1 | ||
| 952 | |0 0 |1 0 |4 0 |6 FU271 |7 1 |9 41801 |a Arxiu |b Arxiu |d 2016-12-01 |l 0 |o FU-27-1 |p 11184 |r 2016-12-01 00:00:00 |w 2016-12-01 |y ARXIU | ||
| 999 | |c 43693 |d 43693 | ||